The noble scholar, jurist, historian


 His Excellency Dr. Abdul Wahhab bin Ibrahim Abu Sulaiman, may Allah have mercy on him.


 He was born in Umm Al-Qura in the year 1356 AH.

شرح رياض الصالحين من كلام سيد المرسلين / (Record no. 988)

MARC details
000 -LEADER
fixed length control field 01615cam a22003371ia4500
003 - CONTROL NUMBER IDENTIFIER
control field SA-RiAUC
005 - DATE AND TIME OF LATEST TRANSACTION
control field 20250128151102.0
008 - FIXED-LENGTH DATA ELEMENTS--GENERAL INFORMATION
fixed length control field 241007s2019 le g 000 0 ara c
020 ## - INTERNATIONAL STANDARD BOOK NUMBER
International Standard Book Number 9786030270163
020 ## - INTERNATIONAL STANDARD BOOK NUMBER
International Standard Book Number 9786030270170
040 ## - CATALOGING SOURCE
Original cataloging agency SA-RiKSU
Language of cataloging ara
Transcribing agency SA-RiAUC
Description conventions rda
082 04 - DEWEY DECIMAL CLASSIFICATION NUMBER
Classification number 237.3
Assigning agency SA-RiAUC
090 ## - LOCALLY ASSIGNED LC-TYPE CALL NUMBER (OCLC); LOCAL CALL NUMBER (RLIN)
Classification number (OCLC) (R) ; Classification number, CALL (RLIN) (NR) 237.3
Local cutter number (OCLC) ; Book number/undivided call number, CALL (RLIN) ا ب ن ب
100 1# - MAIN ENTRY--PERSONAL NAME
Personal name ابن باز، عبد العزيز بن عبد الله بن عبد الرحمن،
Dates associated with a name 1332-1420 هجري
Relator term مؤلف.
245 10 - TITLE STATEMENT
Title شرح رياض الصالحين من كلام سيد المرسلين /
Statement of responsibility, etc. عبد العزيز بن عبد الله بن باز ؛ تحقيق صلاح الدين بن عثمان أحمد، محمد بن حسن بن عبد الرحمن آل الشيخ.
250 ## - EDITION STATEMENT
Edition statement الطبعة الأولى.
264 #1 - PRODUCTION, PUBLICATION, DISTRIBUTION, MANUFACTURE, AND COPYRIGHT NOTICE
Place of production, publication, distribution, manufacture بيروت :
Name of producer, publisher, distributor, manufacturer دار قرطبة للطباعة والنشر والتوزيع،
Date of production, publication, distribution, manufacture, or copyright notice 2019
300 ## - PHYSICAL DESCRIPTION
Extent 4 مجلد ؛
Dimensions 24 سم
336 ## - CONTENT TYPE
Content type term نص
Content type code txt
Source rdacontent
Materials specified كتاب
337 ## - MEDIA TYPE
Media type term بدون وسيط
Media type code n
Source rdamedia
338 ## - CARRIER TYPE
Carrier type term مجلد
Carrier type code nc
Source rdacarrier
650 #7 - SUBJECT ADDED ENTRY--TOPICAL TERM
Topical term or geographic name entry element الحديث
General subdivision شرح
Source of heading or term aucsh
650 #7 - SUBJECT ADDED ENTRY--TOPICAL TERM
Topical term or geographic name entry element الحديث
General subdivision جوامع الفنون
Source of heading or term aucsh
650 #7 - SUBJECT ADDED ENTRY--TOPICAL TERM
Topical term or geographic name entry element الحديث
General subdivision المسانيد
Source of heading or term aucsh
700 1# - ADDED ENTRY--PERSONAL NAME
Personal name أحمد، صلاح الدين بن عثمان
Relator term محقق.
700 1# - ADDED ENTRY--PERSONAL NAME
Personal name آل الشيخ، محمد بن حسن بن عبد الرحمن
Relator term محقق.
700 12 - ADDED ENTRY--PERSONAL NAME
Personal name النووي، يحيى بن شرف بن مري،
Dates associated with a name 631-676 هجري
740 02 - ADDED ENTRY--UNCONTROLLED RELATED/ANALYTICAL TITLE
Uncontrolled related/analytical title رياض الصالحين من كلام سيد المرسلين.
942 ## - ADDED ENTRY ELEMENTS (KOHA)
Source of classification or shelving scheme Dewey Decimal Classification
Koha item type Books
Suppress in OPAC No
949 ## - LOCAL PROCESSING INFORMATION (OCLC)
a SA-JeALM
d 241007
u mohamedma123
n 1
Holdings
Withdrawn status Lost status Source of classification or shelving scheme Materials specified (bound volume or other part) Damaged status Not for loan Home library Current library Date acquired Total checkouts Full call number Barcode Date last seen Price effective from Koha item type
    Dewey Decimal Classification المجلد الاول     DR AbdElwahab Library DR AbdElwahab Library 10/08/2024   237.3 ا ب ن ب 000001412 10/08/2024 10/08/2024 Books
    Dewey Decimal Classification المجلد الثاني     DR AbdElwahab Library DR AbdElwahab Library 10/08/2024   237.3 ا ب ن ب 000001413 10/08/2024 10/08/2024 Books
    Dewey Decimal Classification المجلد الثالث     DR AbdElwahab Library DR AbdElwahab Library 10/08/2024   237.3 ا ب ن ب 000001414 10/08/2024 10/08/2024 Books
    Dewey Decimal Classification المجلد الرابع     DR AbdElwahab Library DR AbdElwahab Library 10/08/2024   237.3 ا ب ن ب 000001415 10/08/2024 10/08/2024 Books
    Dewey Decimal Classification المجلد الاول     DR AbdElwahab Library DR AbdElwahab Library 10/08/2024   237.3 ا ب ن ب 000001416 10/08/2024 10/08/2024 Books
    Dewey Decimal Classification المجلد الثاني     DR AbdElwahab Library DR AbdElwahab Library 10/08/2024   237.3 ا ب ن ب 000001417 10/08/2024 10/08/2024 Books
    Dewey Decimal Classification المجلد الثالث     DR AbdElwahab Library DR AbdElwahab Library 10/08/2024   237.3 ا ب ن ب 000001418 10/08/2024 10/08/2024 Books
    Dewey Decimal Classification المجلد الرابع     DR AbdElwahab Library DR AbdElwahab Library 10/08/2024   237.3 ا ب ن ب 000001419 10/08/2024 10/08/2024 Books
    Dewey Decimal Classification المجلد الاول     DR AbdElwahab Library DR AbdElwahab Library 01/28/2025   237.3 ا ب ن ب 000008611 01/28/2025 01/28/2025 Books
    Dewey Decimal Classification المجلد الثاني     DR AbdElwahab Library DR AbdElwahab Library 01/28/2025   237.3 ا ب ن ب 000008612 01/28/2025 01/28/2025 Books
    Dewey Decimal Classification المجلد الثالث     DR AbdElwahab Library DR AbdElwahab Library 01/28/2025   237.3 ا ب ن ب 000008613 01/28/2025 01/28/2025 Books
    Dewey Decimal Classification المجلد الرابع     DR AbdElwahab Library DR AbdElwahab Library 01/28/2025   237.3 ا ب ن ب 000008614 01/28/2025 01/28/2025 Books
    Dewey Decimal Classification المجلد الاول     DR AbdElwahab Library DR AbdElwahab Library 08/12/2025   237.3 ا ب ن ب 000017457 08/12/2025 08/12/2025 Books
    Dewey Decimal Classification المجلد الثاني     DR AbdElwahab Library DR AbdElwahab Library 08/12/2025   237.3 ا ب ن ب 000017458 08/12/2025 08/12/2025 Books
    Dewey Decimal Classification المجلد الثالث     DR AbdElwahab Library DR AbdElwahab Library 08/12/2025   237.3 ا ب ن ب 000017459 08/12/2025 08/12/2025 Books
    Dewey Decimal Classification المجلد الرابع     DR AbdElwahab Library DR AbdElwahab Library 08/12/2025   237.3 ا ب ن ب 000017460 08/12/2025 08/12/2025 Books